000 00237nam a22000857a 4500
008 170607b xxu||||| |||| 00| 0 eng d
100 _93304
_aBulani. R
245 _aOur Body: A wonderful Machine
260 _aNew delhi
_bNational Book Trust
_c2004
999 _c6622
_d6622